| 000 | 00635nam a2200181Ia 4500 | ||
|---|---|---|---|
| 003 | GCL | ||
| 008 | 140319s9999 xx 000 0 ara d | ||
| 040 |
_aGCL / _cGCL |
||
| 082 | 0 | 4 |
_aق _b962.064 _bس م |
| 100 | 1 | _aسعاد منسى | |
| 245 | 1 | 0 |
_aمن الذى يبرىء عبدالناصر...?! (هذا الكتاب يشتمل على كتاب جمال العرب : قصة حب رائعة) / _cسعاد منسى |
| 300 | _a126 ص | ||
| 490 | _a | ||
| 650 | 0 | 4 | _aحرب يونيو 1967 - مصر |
| 650 | 0 | 4 | _aجمال عبدالناصر |
| 650 | 0 | 4 | _aمصر - تاريخ - العصر الحديث (1805 - 1956 ) |
| 942 |
_2ddc _cBK |
||
| 999 |
_c43913 _d43913 |
||